000 01205nam a2200337 i 4500
001 000048500
003 DO-SdBNP
005 20251113072723.0
007 ta
008 190325s2011 dr c r 000 0 spa d
020 _a9789945131468
040 _aDO-SdBNP
_bspa
_cBNPHU
_erda
041 _aspa
082 4 _a306.42
_bT693t 2011
_222
100 1 _aTorres-Saillant, Silvio,
_eautor
_4aut.
_927004
245 1 3 _aEl tigueraje intelectual /
_cSilvio Torres-Saillant
250 _asegunda edición
264 1 _aSanto Domingo :
_bEditora Mediabyte,
_c2011.
300 _a149 páginas :
_bretratos ;
_c22 cm.
336 _atexto
_btxt
_2rdacontent
337 _asin mediación
_bn
_2rdamedia
338 _avolumen
_bnc
_2rdacarrier
500 _aIncluye datos biográficos del autor en las solapas
590 _aInventariado, 2018/BT
650 4 _aIntelectuales
_xAspectos sociales
_zRepública Dominicana
_964841
650 4 _aVida intelectual
_zRepública Dominicana
_vEnsayos, conferencias, etc.
_9333
650 4 _aPsicología social
_zRepública Dominicana
_91574
_vEnsayos, conferencias, etc.
650 4 _aEnsayos dominicanos
_965
910 _aValidado. Control de calidad. MFF
942 _2ddc
_cLBS1
999 _c47988
_d47988